[Event "COL-ch U10"]
[Site "Fusagasuga"]
[Date "2019.07.01"]
[Round "9"]
[White "Aguirre Laverde, Juan Jose"]
[Black "Borre Meza, Orlando David"]
[Result "1/2-1/2"]
[WhiteElo "1372"]
[BlackElo "1058"]
[PlyCount "127"]
[EventDate "2019.06.26"]
[EventType "tourn"]
[EventRounds "9"]
[EventCountry "COL"]
[SourceTitle "CBM 191 Extra"]
[Source "ChessBase"]
[SourceDate "2019.09.30"]
[SourceVersion "1"]
[SourceVersionDate "2019.09.30"]
[SourceQuality "1"]

1. e4 e5 2. Nf3 Nc6 3. Bc4 Nf6 4. Ng5 d5 5. exd5 Na5 6. Bb5+ c6 7. dxc6 bxc6 8. Be2 h6 9. Nf3 e4 10. Ng1 Be7 11. d3 0-0 12. dxe4 Nxe4 13. Qxd8 Rxd8 14. Nf3 Bg4 15. 0-0 Ng5 16. Nbd2 Ne6 17. Ne4 Bxf3 18. Bxf3 Nd4 19. c3 Nxf3+ 20. gxf3 Kh7 21. Be3 Nc4 22. b3 Nxe3 23. fxe3 Rd3 24. Rad1 Rad8 25. Rxd3 Rxd3 26. Kf2 f5 27. Ng3 Rxc3 28. Nxf5 Bc5 29. Re1 Bb4 30. Re2 Rc5 31. Nd4 Rh5 32. Kg2 Bd6 33. Kh1 Rh3 34. f4 c5 35. Nb5 Bb8 36. Na3 g5 37. fxg5 hxg5 38. Kg1 g4 39. Nc4 g3 40. hxg3 Rxg3+ 41. Kf2 Rh3 42. Ke1 Kg6 43. Kd2 Kg5 44. Na5 Bc7 45. Nb7 Bb6 46. Nd6 Rh7 47. Ne4+ Kf5 48. Nd6+ Ke6 49. Nc4 Rh5 50. Nxb6 axb6 51. Kc3 b5 52. a3 Rh4 53. e4 Rh3+ 54. Kc2 Ke5 55. Kb2 Rh4 56. Rc2 Kd4 57. e5 Re4 58. Rd2+ Kxe5 59. Rc2 Kd5 60. Rd2+ Rd4 61. Re2 Re4 62. Rxe4 Kxe4 63. Kc3 Kd5 64. Kd3 1/2-1/2

[Event "COL pre olympic sf3"]
[Site "Dosquebradas"]
[Date "2018.06.03"]
[Round "8"]
[White "Aguirre Laverde, Juan Jose"]
[Black "Rosado Uriana, Rafael de Jesus"]
[Result "0-1"]
[WhiteElo "1401"]
[BlackElo "1581"]
[PlyCount "111"]
[EventDate "2018.05.30"]
[EventType "swiss"]
[EventRounds "10"]
[EventCountry "COL"]
[SourceTitle "CBM 184 Extra"]
[Source "ChessBase"]
[SourceDate "2018.06.28"]
[SourceVersion "1"]
[SourceVersionDate "2018.06.28"]
[SourceQuality "1"]

1. e4 c5 2. Nc3 d6 3. Nf3 Nc6 4. d3 Bg4 5. Be2 Nf6 6. h3 Bh5 7. Be3 e6 8. Qd2 a6 9. a3 Be7 10. Rd1 0-0 11. 0-0 d5 12. exd5 Nxd5 13. Nxd5 exd5 14. Bf4 Bf6 15. c3 Re8 16. Rfe1 Bg6 17. Nh2 d4 18. c4 Ne5 19. Bxe5 Bxe5 20. Bf3 Qc7 21. Nf1 Bf4 22. Qc2 Qb6 23. Rxe8+ Rxe8 24. Qa4 Re7 25. b4 cxb4 26. Qxb4 Qxb4 27. axb4 Bd6 28. c5 Bf4 29. g3 Bg5 30. h4 Bf6 31. Nh2 Bf5 32. Bg4 Bxg4 33. Nxg4 Re2 34. Nxf6+ gxf6 35. Rb1 Kf8 36. Kg2 Rd2 37. Rb3 Ke7 38. Kf1 Ke6 39. Ke1 Ra2 40. Kf1 Kd5 41. f4 h5 42. b5 a5 43. c6 b6 44. Rb1 Rc2 45. Ke1 Ke6 46. Kd1 Rc5 47. Rc1 Kd6 48. Rxc5 bxc5 49. Kc2 c4 50. dxc4 a4 51. Kd3 a3 52. Kxd4 a2 53. c5+ Kc7 54. Kd5 a1Q 55. b6+ Kc8 56. c7 0-1

[Event "COL pre olympic sf3"]
[Site "Dosquebradas"]
[Date "2018.06.01"]
[Round "5"]
[White "Aguirre Laverde, Juan Jose"]
[Black "Dabraccio, Guillermo"]
[Result "0-1"]
[WhiteElo "1401"]
[BlackElo "1620"]
[PlyCount "47"]
[EventDate "2018.05.30"]
[EventType "swiss"]
[EventRounds "10"]
[EventCountry "COL"]
[SourceTitle "CBM 184 Extra"]
[Source "ChessBase"]
[SourceDate "2018.06.28"]
[SourceVersion "1"]
[SourceVersionDate "2018.06.28"]
[SourceQuality "1"]

1. e4 c5 2. Nc3 a6 3. d3 Nc6 4. Nf3 e6 5. Be2 Qc7 6. Be3 Nf6 7. h3 Be7 8. Qd2 d6 9. Rd1 h6 10. a3 Bd7 11. 0-0 g5 12. Nh2 0-0-0 13. Ra1 d5 14. exd5 exd5 15. Na2 d4 16. b4 Nd5 17. Rfb1 dxe3 18. fxe3 Qg3 19. Nf1 Qd6 20. c3 Bf6 21. d4 Bf5 22. Bd3 Bxd3 23. Qxd3 cxd4 24. cxd4 0-1